Żerelik, Rościsław, 1956-. Staatsarchiv Breslau. - München : Oldenbourg. - 1996 [Rezension]

Titel: Żerelik, Rościsław, 1956-. Staatsarchiv Breslau. - München : Oldenbourg. - 1996 [Rezension]
Verfasser:
In: Inter finitimos. Beiheft = Zeszyt specjalny, Heft 11 (1997), Seite 54-55
alle Artikel anzeigen
Veröffentlicht: 1997
Format: Aufsatz
Sprache: Deutsch
Kein Bild verfügbar
X
alg: 39503870
001A    $01999:12-11-16 
001B    $01999:04-08-21 $t21:02:50.000 
001D    $01999:12-11-16 
001U    $0utf8 
001X    $00 
002@    $0Aox 
003@    $0395038707 
007A    $0395038707 $aHEB 
007T    $0Herd06317 
010@    $ager 
011@    $a1997 
021A    $aŻerelik, Rościsław, 1956-. Staatsarchiv Breslau. - München : Oldenbourg. -  1996 [Rezension] 
028A    $aNordblom $dPia 
031A    $e11 $h54-55 $j1997 
039B    $aIn $8--Abvc--. Inter finitimos. Beiheft = Zeszyt specjalny. - Marburg : Herder Inst., 1998-2000. - ISSN 1615-0597 $x199700000000011946 $9072373210 
039T    $8--Aau--Żerelik, Rościsław$Z1956- [Tp1]. Staatsarchiv Breslau. - München : Oldenbourg, 1996. - X, 480 S.. - Ill.. - ISBN 3-486-56045-X $9051526379 
045F    $a900.9438 $eDDC23BSB 
045F/01 $a900 
045F/03 $g438 
045F/03 $g4385 

lok: 39503870 78

exp: 39503870 78 1 #EPN
201B/01 $018-11-16 $t13:33:31.000 
201U/01 $0utf8 
203@/01 $0791337316 
208@/01 $a12-11-16 $be 
209A/01 $a/ $f000 $x00 
220C/01 $aTitelaufnehmer: ej 
244Z/01 $2Trx $#Silesia $#Śląsk $#Sliezsko $#Slezsko $8--Trx--Schlesien $x01 $9391173987 
244Z/01 $2Trx $#Poola $#Lenkija $#Polija $#Polen Land $#Poland $#Lengyelország $#Poľsko $#Polsko $8--Trx--Polska$gkraj $x02 $9391345966 
244Z/01 $2Trx $#arvustused $#recenzijos $#Reviews $#recenziók $#recenzje $#recenzie $#recenze $8--Trx--Rezensionen $x03 $9391357441 
247C/01 $82080>Marburg/Lahn, Herder-Institut, Forschungsbibliothek, Bibliographieportal $9336309341
LEADER 00000caa a22000002c 4500
001 395038707
003 DE-603
005 20210804210250.0
007 tu
008 161112s1997 xx |||| | u00||u|ger c
035 |a (DE-599)HEB395038707 
040 |a DE-603  |b ger  |c DE-603  |d DE-603 
041 |a ger 
082 0 4 |8 1\u  |a 900.9438  |q DE-101  |2 23/BSB 
085 |8 1\u  |b 900 
085 |8 1\u  |z 2  |s 438 
085 |8 1\u  |z 2  |s 4385 
100 1 |a Nordblom, Pia 
245 0 0 |a Żerelik, Rościsław, 1956-. Staatsarchiv Breslau. - München : Oldenbourg. - 1996 [Rezension] 
264 0 |c 1997 
773 0 8 |i In  |t Inter finitimos. Beiheft = Zeszyt specjalny  |d Marburg : Herder Inst., 1998-2000  |x 1615-0597  |g Heft 11 (1997), Seite 54-55  |w (DE-603)072373210  |w (DE-600)1473311-0 
787 0 8 |i Rezension von  |a Żerelik, Rościsław, 1956-  |t Staatsarchiv Breslau  |d München : Oldenbourg, 1996  |h X, 480 S., Ill.  |z 348656045X  |w (DE-603)051526379 
924 0 |9 2080  |a (DE-603)791337316  |b DE-2080  |c HES  |d d  |g /